=LDR 00000nam 2200000 4500 =001 INLIS000000000009707 =005 20130612101506 =008 ***********************************Ind** =035 ##$$0010-061300000009707 =041 ##$$a Ind =082 ##$$a 634.4 =090 ##$$a 634.4, Ruk j =100 ##$$a Rukmana, Rahmat =245 ##$$a Jambu air, Rukmana Rahmat =260 ##$$a 2002 $b Yogyakarta =300 ##$$a 52 hlm, ilus, 21 cm =650 ##$$a Jambu Air =850 ##$$a NBPNMAT